Yu-Gi-Oh! Season 1 Spell Cards - Statistics

General Stats
  • This quiz has been taken 166 times
  • The average score is 11 of 16
Answer Stats
Picture Answer % Correct
Toon World
97%
Monster Reborn
93%
Dark Hole
86%
Swords of Revealing Light
85%
Polymerization
84%
Change of Heart
82%
Brain Control
79%
Harpie's Feather Duster
73%
Multiply
71%
Stop Defense
69%
Horn of the Unicorn
57%
Shield & Sword
56%
Remove Trap
49%
Salamandra
46%
Mystic Box
43%
Living Arrow
29%
No matching quizzes found
Score Distribution
Percent of People with Each Score
Percentile by Number Answered
Your Score History
You have not taken this quiz